[Event "RUS-ch"]
[Site "Elista"]
[Date "1995.??.??"]
[Round "9"]
[White "Sveshnikov, Evgeny"]
[Black "Belikov, Vladimir"]
[Result "1-0"]
[WhiteElo "2580"]
[BlackElo "2480"]
[Annotator "Wahls,M"]
[PlyCount "51"]
[EventDate "1995.10.??"]
[EventType "swiss"]
[EventRounds "11"]
[EventCountry "RUS"]
[SourceTitle "CBM 050"]
[Source "ChessBase"]
[SourceDate "1996.02.01"]
[SourceVersion "1"]
[SourceVersionDate "1996.02.01"]
[SourceQuality "1"]

1. e4 {Blatny,P} c5 2. c3 d5 3. exd5 Qxd5 4. d4 Nf6 5. Nf3 Bg4 6. Nbd2 $5 {
Dieser beachtenswerte Zug kam erstmals in der Begegnung Lindgren-Cvetkovic/
Eger 1987 vor.Der Weißscore von 7:3 aus den zugrundeliegenden 10 Partien
meiner Datenbank deutet auf dessen Gefährlichkeit hin.} (6. Be2 {Blatny,P} e6
7. Na3 Nc6 8. h3 Bh5 9. Be3 cxd4 10. Nb5 Rc8 11. Nbxd4 a6 12. O-O Be7 13. c4
Qd6 14. Nxc6 Qxd1 15. Bxd1 bxc6 16. Ne5 Bxd1 17. Raxd1 Ne4 18. Rfe1 Nd6 19. b3
Nf5 20. Bb6 $16 {_|_ Hansen,LB-Schandorff,L/Farum (03) ;TD 93\09 1993}) 6...
cxd4 {Obwohl die Ergebnisse gegen ihn sprechen,dürfte dieser Zug spielbar sein.
} (6... e6 {Schwarz verzichtet einstweilen darauf seinem Gegner einen Isolani
zu verschaffen.Wie sooft im c3-Sizilianer ist diese Herangehensweise weniger
anspruchsvoll,dafür aber ziemlich solide.} 7. Bc4 (7. Qa4+ Nbd7 8. Bc4 Qd6 9.
O-O a6 10. Re1 Be7 11. dxc5 Qxc5 12. Bd3 O-O 13. Ne4 Qd5 14. Nxf6+ Nxf6 15. Ne5
Bh5 16. Bg5 b5 {1/2-1/2 Nehlert,P-Steinhart,C/VLSBaden 9293 (1992) ;GER 04
1993 1/2-1/2 Nehlert,P-Steinhart,C/VLSBaden 9293 (1992) ;GER 04 1993}) 7... Qd8
(7... Qd6) 8. Qb3 (8. Qa4+ Nbd7 9. Ne5 Bf5 10. Ndf3 a6 11. Nxd7 Qxd7 12. Qxd7+
Nxd7 13. Be2 Be4 14. O-O cxd4 15. Nxd4 Bc5 16. Nb3 Ba7 17. Re1 f5 18. Bc4 Kf7
19. Be3 Nb6 20. Bxe6+ Kxe6 21. f3 Kf7 22. fxe4 Rhe8 23. Bd4 fxe4 24. Nd2 e3 25.
Rxe3 Rxe3 26. Bxe3 Na4 27. Bxa7 Rxa7 28. Rb1 b5 29. Kf2 Rc7 30. Ke2 g5 31. Kd3
Re7 32. Nf3 Kg6 {Knazovcik,L-Walek,M/CZE-ch (04) ;TD 93\10 1993/1/2-1/2 (52)})
8... Qb6 $2 (8... Qc7 9. Ne5 cxd4 10. cxd4 (10. Bb5+ $2 Nc6 11. cxd4 Bd6) 10...
Nc6 11. Nxg4 Nxg4 12. d5 $2 Qe5+ 13. Kf1 Qd4 14. Qg3 exd5 {Wahls}) 9. Bb5+ Nc6
10. Nc4 Qc7 11. Nfe5 cxd4 12. Qa4 Bc5 13. Nxc6 (13. cxd4 $1 $18 O-O 14. Nxg4
Bb4+ 15. Kf1 Nxg4 16. Bxc6 {Wahls}) 13... O-O 14. cxd4 (14. N6e5 a6 15. Bd7 b5
16. Qa5 Qa7) 14... bxc6 15. Bxc6 Rad8 16. Be3 Bxd4 17. h3 Bh5 18. Rc1 h6 19.
O-O Be2 20. Rfe1 Bxc4 21. Rxc4 Bxe3 22. Rxe3 Rd2 23. Bf3 Qd6 24. Rb3 Qe5 25.
Rc1 Rxb2 26. Qxa7 Rxb3 27. axb3 Qb2 28. Qe3 Nd5 29. Bxd5 exd5 30. Rd1 Rb8 31.
Rxd5 Qxb3 32. Rd8+ Kh7 33. Qe4+ g6 {1/2-1/2 Podinic,V-Cvek,R/EU-chJM U14
Szombathely (06) ;TD 93\05 1993}) (6... Nc6 $5 {Dieser Zug ist
unternehmungslustig, und stellt eine gute Alternative zur Partiefortsetzung
dar.} 7. Bc4 (7. dxc5 Qxc5 $10 (7... e5 8. b4 $13)) 7... Bxf3 8. gxf3 Qd6 9.
Qb3 e6 10. dxc5 Qc7 11. Bb5 {1/2-1/2 Sveshnikov,Evgeny-Makarov,Marat/Novgorod
Open Tournament Novgorod RUS (6) 1995}) (6... Bxf3 {Auf Kosten des
Läuferpaares nimmt Schwarz die Spannung aus der Stellung.} 7. Nxf3 e6 8. Bb5+
$14 Nbd7 9. O-O cxd4 10. Qa4 a6 11. Nxd4 Bc5 12. Rd1 Bxd4 13. Bxd7+ Qxd7 14.
Qxd7+ Nxd7 15. Rxd4 {Bojkovic,N-Lukin,A/Groningen op (05) ;EXP 26 1991} O-O-O
16. Bg5 f6 17. Be3 Ne5 18. Kf1 Nd3 19. b3 Rxd4 20. Bxd4 Rd8 21. g3 e5 22. Be3
e4 23. Bd4 Rd5 24. Ke2 Rf5 25. f4 Rh5 26. Ke3 f5 27. Rh1 g5 28. fxg5 Rxg5 29.
Rf1 Kd7 30. g4 Rxg4 31. Rxf5 Rh4 32. Rf7+ Kc6 33. Rf6+ Kd7 34. Rf7+ Kc6 35.
Rf6+ Kd7 {1/2-1/2 Bojkovic,N-Lukin,A/Groningen op (05) ;EXP 26 1991}) 7. Bc4
Qh5 $8 (7... Qd8 $2 8. Qb3 (8. Ne5 $5 Be6 9. Bxe6 fxe6 10. Qa4+ Nc6 11. Nxc6
Qd7 12. Nf3 {Wahls}) 8... e6 9. Qxb7 Nbd7 10. Nxd4 Bc5 11. Nc6 Qc8 12. Ba6 $18
O-O 13. b4 Bd6 14. Qxc8 Raxc8 15. Bxc8 Rxc8 16. b5 {Rovid,K-Boronyak,A/HUN-chT
9192 ;TD 92\10 1991} Ne5 17. Nxe5 Bxe5 18. Bb2 Nd5 19. f3 Bf5 20. g3 Bd3 21. a4
Ne3 22. Kf2 Nc2 23. Rac1 Bc7 24. Kg2 Ne3+ 25. Kh3 h5 26. Ne4 g5 27. Nf6+ Kg7
28. c4 Kg6 29. Rhe1 Bf5+ 30. g4 hxg4+ 31. Nxg4 Bf4 32. Bd4 Nxc4 33. Bxa7 Bxg4+
34. fxg4 {Rovid,K-Boronyak,A/HUN-chT 9192 ;TD 92\10 1991/1-0 (46)}) (7... Qd6
$2 8. Qb3 Be6 (8... dxc3 9. Qxb7 (9. Bxf7+ $6 Kd8 10. bxc3 Nc6) 9... cxd2+ 10.
Bxd2 {Wahls}) 9. Bxe6 Qxe6+ 10. Qxe6 fxe6 11. Nxd4 $18 Kd7 12. N2f3 Nc6 13. Bf4
Nxd4 14. Nxd4 Ng4 15. Nf3 e5 16. O-O-O+ Ke8 17. Bg3 g6 18. h3 e4 19. hxg4 exf3
20. gxf3 Bg7 21. f4 Rd8 22. Rxd8+ Kxd8 23. Rd1+ Kc8 24. Rd5 b6 25. f5 Rd8 26.
Rxd8+ Kxd8 27. fxg6 hxg6 28. Kd2 Kd7 29. Kd3 Kc6 30. Ke4 Kd7 31. Be5 Bf8 32. c4
{Podinic,Vladimir-Einarsson,Bergstein/Olympiad (under 16),V Canaries (Spain)
1995/1/2-1/2 (60)}) 8. Qb3 Nbd7 9. cxd4 (9. Qxb7 Rb8 10. Qxa7 dxc3 11. bxc3 e6
12. O-O Bc5 $44 {Wahls}) 9... e6 $2 {Die weiße Stellung ist zu solide,als daß
Schwarz ernsthaft auf Kompensation für den Bauern hoffen kann.} (9... Rb8 {
Danach sollte Schwarz vollwertiges Spiel erhalten.Natürlich muß er nun
versuchen,seinen König so schnell wie möglich aus dem Zentrum zu evakuieren.}
10. O-O b5 $5 11. Bd3 (11. Be2 Qd5 (11... e6 12. h3 Bxf3 13. Bxf3 Qh4 14. d5
$40) 12. h3 Bf5 13. Re1 (13. Nh4 Be6) 13... e6 14. Nh4 Bg6 {Wahls}) 11... Qd5
$2 {Schwarz verliert ein wichtiges Tempo,da ein etwaiger Damentausch auf b3
wegen der Öffnung der a-Linie Probleme aufwirft.} (11... e6 12. Re1 Bd6 13. Ne5
O-O {Der schwarze König ist in Sicherheit.Wenn jetzt keine Figur verloren geht
ist alles in Ordnung.} (13... Bxe5 $2 14. dxe5 Nxe5 15. Bxb5+ Ned7 16. Bxd7+
Nxd7 17. Qa3 $16 Qc5 18. Qg3 {Wahls}) 14. Ndf3 (14. f3 Bxe5 $1 (14... Bf5 $2
15. Bxf5 (15. g4 $2 Qh4) 15... exf5 (15... Qxf5 16. g4 $18) 16. Nf1 {Durch die
ungünstige Damenstellung kommt Schwarz in Schwierigkeiten.} Nxe5 (16... Qh4 17.
Be3 Nxe5 18. dxe5 Bxe5 19. Bxa7 (19. Bf2 Bd4) 19... Rbe8 20. Red1) 17. dxe5
Rfe8 18. Bf4) (14... Nxe5 15. dxe5 (15. Rxe5 $2 Bxe5 16. dxe5 Qxe5 17. fxg4
Qe3+ 18. Kh1 Ne4 $19) 15... Bxe5 16. Nf1 Bd4+ 17. Be3 (17. Kh1 $2 Bxf3) 17...
Bxe3+ 18. Nxe3 (18. Rxe3 Qc5 19. fxg4 Nxg4 $15) 18... Bf5 19. Nxf5 exf5 20. Re5
a6 21. Rxf5 Qh4 $13) 15. dxe5 Nc5 (15... Nxe5 $2 16. Bf1 $16) 16. Qc3 Nxd3 17.
Qxd3 Bf5 18. Qe3 Nd5 19. Qxa7 Nb4 $36) (14. h3 Bxe5 15. dxe5 (15. hxg4 $2 Qh2+
16. Kf1 Bc7 $17) (15. Rxe5 $2 Nxe5 16. dxe5 Bd1 $1) 15... Nc5 (15... Nxe5 $2
16. Bc2) 16. Qc2 Nxd3 17. Qxd3 Bf5 18. Qf1 $2 Nd5 19. g4 Qg6 {Wahls}) 14...
Bxf3 $10 15. Nxf3 a5 (15... Nd5 16. Bd2 Bf4) 16. Bd2 a4 17. Qd1 Nd5 {Wahls} (
17... Qd5)) 12. Re1 Be6 (12... Qxb3 13. axb3 Rb7 14. Ra5 b4 15. Ne5 Nxe5 16.
dxe5 Nd7 17. Nc4 $16 {Wahls}) (12... e6 13. Ne5 $40) 13. Qd1 Bf5 14. Bxf5 Qxf5
15. Ne5 Nxe5 (15... e6 $4 16. g4 $18) 16. dxe5 Nd5 17. Nf3 Qd7 (17... e6 $4 18.
Nh4 $18) 18. e6 $18 fxe6 19. Ne5 Qd6 20. Qh5+ g6 21. Nxg6 hxg6 22. Qxh8 Kf7 23.
Qh7+ Bg7 24. Bh6 Rg8 25. Bxg7 Rxg7 26. Qh3 Nf4 27. Qf3 Kg8 28. Rad1 Nd5 29. Qe4
Kf7 30. Rc1 Rh7 31. Qe5 Qb6 32. Rc8 {1-0 Lindgren,M-Cvetkovic,S/Eger op 1987})
(9... Nb6 $2 10. Bb5+ Bd7 $6 (10... Nfd7 11. Ne5 Rd8 12. Ne4 Be6 13. Qg3 a6 14.
Be2 Qf5 15. Bd3 Qh5 16. O-O $36 {Wahls}) 11. Ne5 $16 e6 $2 (11... Bxb5 12.
Qxb5+ Nfd7 13. g4 Qh3 14. Nxd7 Nxd7 15. Qxb7 Rb8 16. Qf3 {Wahls}) 12. g4 $18
Nxg4 13. Nxd7 O-O-O 14. Qc3+ {1-0 Knazovcik,L-Voboril,P/CZE-chT 9394 (02) ;TD
94\03 1994 1-0 Knazovcik,L-Voboril,P/CZE-chT 9394 (02) ;TD 94\03 1994}) 10.
Qxb7 Rb8 (10... Nb6 11. Ne5 {/\Bb5}) 11. Qc6 {Sveshnikov verzichtet auf den
zweiten Bauern,den er gefahrlos hätte nehmen können,und übt stattdesssen
weiterhin Druck auf die gegnerische Stellung aus.} (11. Qxa7 $5 Bxf3 (11... Bb4
12. O-O O-O 13. h3 Bf5 (13... Bxh3 14. gxh3 Qxh3 15. Qc7) 14. Qa4) 12. Nxf3
Bb4+ 13. Kf1 O-O 14. Bf4 Ra8 15. Qb7) 11... Bb4 (11... Bxf3 $142 12. Nxf3 Bb4+
13. Bd2 Bxd2+ 14. Nxd2 O-O $13) 12. Ne5 O-O $2 {Dieses Figurenopfer stellt
keine allzu hohen Ansprüche an Sveshnikovs Verteidigungskünste.} (12... Rd8 13.
Qa4 Bxd2+ 14. Bxd2 O-O) (12... Qg5 $5) (12... Rd8 $5 {Blatny,P}) 13. Nxd7 Nxd7
14. Qxd7 e5 (14... Rfd8 15. Qxa7 $18) 15. Qxa7 Qg6 (15... exd4 {Blatny,P} 16.
O-O $18) (15... Bxd2+ 16. Bxd2 Rxb2 17. dxe5 Rc2 18. Rc1 Qxe5+ 19. Qe3 Qb2 20.
Rxc2 Qxc2 21. Bb3 Qb1+ 22. Bc1 Rc8 23. O-O $18) 16. O-O Rbd8 17. f3 Bh3 18. Rf2
Rxd4 19. Bf1 Rc8 20. Nb3 Be1 21. Nxd4 exd4 22. Qxd4 Bxf2+ 23. Kxf2 Rc2+ 24. Bd2
Qg5 25. f4 Qa5 26. b4 1-0

[Event "Pamplona 9495 5th"]
[Site "Pamplona"]
[Date "1994.??.??"]
[Round "?"]
[White "De la Villa Garcia, Jesus Maria"]
[Black "Topalov, Veselin"]
[Result "0-1"]
[WhiteElo "2490"]
[BlackElo "2630"]
[Annotator "Wahls,M"]
[PlyCount "98"]
[EventDate "1994.12.??"]
[EventType "tourn"]
[EventRounds "9"]
[EventCountry "ESP"]
[EventCategory "13"]
[SourceTitle "CBM 046"]
[Source "ChessBase"]
[SourceDate "1995.06.01"]
[SourceVersion "1"]
[SourceVersionDate "1995.06.01"]
[SourceQuality "1"]

1. e4 c5 2. c3 d5 3. exd5 Qxd5 4. d4 Nf6 5. Nf3 Bg4 6. Qa4+ {Von Sveshnikov in
die Turnierpraxis eingeführt,um die etwas schlappe Isolanistellung zu umgehen,
die nach 6.Le2 entsteht.Die vorliegende Partie stellt das Damenschach
ernsthaft in Frage.} Bd7 (6... Nbd7 7. Bc4 (7. Be3 Bxf3 8. gxf3 cxd4 9. cxd4 e6
10. Nc3 Qf5 11. Rg1 h6 12. Rc1 Be7 13. Rxg7 Kf8 14. Rg1 Nb6 15. Qb5 Qxb5 16.
Bxb5 Nfd5 17. Ne4 Rb8 18. Ke2 f5 19. Nc5 Kf7 20. Nd3 Bd6 21. Ne5+ Bxe5 22. dxe5
a6 23. Bd3 Nd7 24. f4 Rbc8 25. Kd2 Rxc1 26. Rxc1 Rg8 27. Be2 Rd8 28. Bh5+ Kf8
29. Ke2 Rb8 30. Kf3 Rd8 31. Ke2 Rb8 32. Bf3 Kf7 33. a4 Ke8 34. b3 Nf8 35. Bxd5
exd5 36. Rc7 Nd7 37. e6 Nf8 38. Bc5 Ng6 39. Rg7 Nxf4+ 40. Kf3 Nxe6 41. Re7+ {
1-0 Sveshnikov,E-Madsen,D/Gausdal International (07) ;TD 92\08 1992}) (7. Be2
e6 8. Be3 Be7 9. h3 Bh5 10. c4 Qc6 11. Qxc6 bxc6 12. Nc3 Rc8 13. O-O-O cxd4 14.
Bxd4 Bc5 15. Bxc5 Nxc5 16. g4 Bg6 17. Ne5 Ncd7 18. Nxg6 hxg6 19. f4 Ke7 20. Bf3
Rhd8 21. Kc2 Nb8 22. Rhe1 Rxd1 23. Nxd1 Rd8 24. Kc3 Nfd7 25. Nf2 Nc5 26. b4
Na4+ 27. Kb3 Rd2 28. Re2 Rxe2 29. Bxe2 Nb6 30. Bf3 N6d7 31. Nd3 Kd6 {Rabiega,
R-Schuh,H/BL 9394 (1994) ;BL 1994/1-0 (54)}) 7... Qe4+ 8. Be3 Bxf3 9. Nd2 Qc6
10. Bb5 Bxg2 11. Bxc6 Bxc6 12. Qb3 Bxh1 13. f3 cxd4 14. cxd4 Bg2 15. Rc1 (15.
Qxb7 Rd8 16. Bf4 e5 17. dxe5 Nc5 18. Qxa7 Nd3+ 19. Kd1 Bc5 20. Qc7 Nd5 21. Qc6+
Ke7 22. Bg5+ f6 23. exf6+ gxf6 24. Bh6 Kf7 25. a3 Rhe8 26. Qb7+ Re7 27. Qb3
Re1+ 28. Kc2 Rxa1 29. Kxd3 Kg6 30. Kc4 Rc1+ {0-1 Braeuning,R-Hracek,Z/
Kecskemet (02) ;CBM 29 1992}) 15... b6 16. Qa4 e6 17. Rc7 Be7 18. Bg5 Bd8 19.
Rxd7 Nxd7 20. Bxd8 Rxd8 21. Qa3 Nf6 22. Nc4 Bxf3 23. Nd6+ Rxd6 24. Qxd6 Nd7 25.
Qg3 Be4 26. Qxg7 Rf8 27. Qg3 f5 28. b4 f4 29. Qg4 Bd5 30. Qh5+ Rf7 31. a4 f3 {
0-1 Rabiega,R-Hracek,Z/BL2-N 9293 (1993) ;BL2 1993}) (6... Nc6 7. Bc4 Qd7 (7...
Qe4+ 8. Be3 Bxf3 9. Nd2 Qg4 10. Nxf3 Qxg2 11. Ke2 $16 (11. Ke2 e6 12. Bb5 (12.
dxc5 Nd7 13. b4 Qg4 14. b5 Nce5 15. c6 Qxf3+ 16. Kd2 Nxc4+ 17. Qxc4 bxc6 18.
bxc6 Ne5 19. Qb3 Rd8+ 20. Bd4 Qxc6 21. Rhd1 Nf3+ 22. Ke3 Nxd4 23. cxd4 Bd6 24.
Rac1 Qa6 25. Rc3 O-O 26. Rg1 e5 27. d5 Qb6+ 28. Ke2 Qxb3 29. axb3 Rc8 30. Rcg3
g6 31. h4 Rc2+ 32. Kd1 Ra2 33. R1g2 h5 34. Rc3 Rd8 35. Rc6 Bf8 36. Rg5 Rxd5+
37. Ke1 Rc5 38. Rxc5 Bxc5 39. Rxe5 Bxf2+ 40. Kf1 Bxh4 41. b4 Rb2 42. b5 Bf6 43.
Rc5 Bd4 44. Rd5 Bb6 {0-1 Collins,D-Sorokina,A/WchJW-U14 Szeged (03) ;TD 94\01
1994}) 12... Nd7 13. Rhg1 Qh3 14. Bxc6 bxc6 15. Qxc6 Rd8 16. dxc5 Qf5 17. Rad1
h6 18. Qa4 Bxc5 19. Rxd7 Rxd7 20. Rd1 O-O 21. Qxd7 Rb8 22. Rd2 Bxe3 23. fxe3
Qg4 24. Kf2 h5 25. Qc7 Rb5 26. Qg3 Qf5 27. Qf4 g5 28. Qxf5 Rxf5 29. Ke2 e5 30.
e4 Rf4 31. Ke3 f6 32. c4 g4 33. Nh4 Rf1 34. Rc2 Re1+ 35. Kf2 Rxe4 {Van de
Oudeweetering-Van Wely,L/Rotterdam Knok (01) 1990/1-0 (49)})) 8. dxc5 Bxf3 9.
gxf3 e6 10. Be3 $1 Nd5 11. Bxd5 Qxd5 12. Qe4 Qh5 (12... Qd7 13. Nd2 f5 14. Qa4
Be7 15. O-O-O $16) (12... O-O-O 13. Qxd5 Rxd5 14. b4 $16 {_|_}) 13. b4 Be7 (
13... a5) 14. Nd2 O-O (14... Bf6 $5 15. Rc1 (15. b5 Ne7 16. Qxb7 O-O 17. Ne4
Nd5 18. Nxf6+ gxf6 $13) 15... O-O 16. Nc4 Rfd8 17. Ke2 $1 {/\ Qg4+/-}) 15.
O-O-O Bf6 (15... a5 16. b5 Na7 17. Qc4 $1 Rfc8 18. Ne4 Qxf3 19. Rhg1 $16) 16.
Kc2 Rfd8 17. Nc4 $16 Rd5 (17... Rxd1 18. Rxd1 Qxh2 19. Nd6 $16) 18. Qg4 Rxd1 $8
19. Rxd1 (19. Qxh5 $5 Rxh1 20. Nd6 Nd8 21. Bg5 $1 Bxg5 (21... Be5 22. Bxd8 Bxd6
23. cxd6 Rxd8 24. Qc5 Rxh2 25. Qc7 Rxf2+ 26. Kd1 $16) 22. Qxg5 Rxh2 (22... f6
23. Qg2 {/\ Ne8+/-}) 23. Qe7 h5 24. Qe8+ Kh7 25. Nxf7 Rxf2+ 26. Kb3 $16) 19...
Qxh2 20. f4 $1 Qh6 21. Nd6 Nd8 22. b5 (22. f5 exf5 23. Qxf5 Qg6 (23... Qh4 24.
Qf3 $16) 24. Qxg6 $16 {_|_}) 22... Qg6+ (22... a6 23. b6 $1 {/\ Nb7+/-} (23. a4
$6 axb5 24. axb5 Ra3 $132) (23. c6 $6 bxc6 24. b6 Rb8 $13)) 23. Qxg6 fxg6 24.
Ne4 Be7 (24... h5 25. Rd7 h4 26. Nxf6+ gxf6 27. Bd4 e5 28. fxe5 h3 29. exf6 h2
30. Rg7+ Kh8 31. f7 Nxf7 32. Rxf7+ Kg8 33. Rg7+ Kh8 34. Re7+ Kg8 35. Re1 $18)
25. Rd7 Kf8 26. Rc7 $1 h5 27. Bd4 e5 28. Bxe5 $18 {1-0 Sveshnikov,E-Neverov,V/
Moskva II 47/203 1989} (28. Bxe5 Ne6 29. Rxb7 $18)) 7. Qb3 (7. Qd1 e6 8. Be3
cxd4 9. cxd4 Bb4+ 10. Bd2 Bxd2+ 11. Qxd2 O-O 12. Nc3 Qd6 13. Bd3 Bc6 14. Nb5
Bxb5 15. Bxb5 Ne4 16. Qe2 Qb4+ 17. Kf1 Nd6 18. Bd3 Nc6 19. Rd1 Rfd8 20. a3 Qb6
21. b4 Ne8 22. Qe4 Nf6 23. Qh4 Rd5 24. b5 Ne7 25. g4 Ng6 26. Qg3 Qd6 27. Bc4 {
[#]} Rc8 28. Bxd5 Qxd5 29. g5 Ne4 30. Qg4 Nxg5 31. Rd3 Nxf3 32. Rxf3 Nh4 {
0-1 Olsen,S-Ornstein,A/Osterskan op ;TD 94\02 1994}) 7... cxd4 $1 (7... Qxb3 8.
axb3 e6 (8... cxd4 9. Nxd4 Nc6 10. Nxc6 (10. Nb5 Rc8 11. Be3 a6 12. N5a3 Nd5
13. Nc4 Nxe3 14. Nxe3 e5 15. Nd2 Bc5 16. Nec4 Rc7 17. Ne4 Be7 18. Bd3 O-O 19.
f3 Be6 20. O-O Rd8 21. Bc2 f5 22. Nf2 Bf6 23. Rfe1 g6 24. Nd3 Re7 25. Ncxe5
Nxe5 26. Nxe5 Rd2 27. Rac1 Bd5 28. Nd3 Rxe1+ 29. Nxe1 Bg5 30. Rd1 Be3+ 31. Kh1
Rf2 32. h3 Bc6 33. Kh2 Re2 34. b4 Kg7 35. Kh1 Bf2 36. Nd3 Rxc2 37. Nxf2 Rxf2
38. Re1 Rxb2 39. Re7+ Kh6 40. g4 fxg4 {0-1 Acs,P-Holzmann,H/Balatonbereny op 
(04) ;TD 92\11 1992}) 10... Bxc6 11. Na3 a6 12. Nc4 (12. Nb5 Rd8 13. Nd4 Be4
14. f3 e5 15. Ne6 fxe6 16. fxe4 Nxe4 17. b4 Bd6 18. Be2 Nf6 19. b5 axb5 20.
Bxb5+ Nd7 21. Ke2 O-O 22. Rd1 Nb6 23. Bg5 Nd5 24. Bxd8 Nf4+ 25. Kd2 Rxd8 26. g3
Nd5 27. Be2 Nc7 28. Bd3 g6 29. Be4 Kf8 30. Bxb7 Ke7 31. Bc6 h5 32. b4 h4 33. b5
hxg3 34. hxg3 Rb8 35. c4 Rh8 36. Rh1 Rxh1 37. Rxh1 Bc5 38. Rh7+ Kd8 39. Rd7+ {
1-0 Sequera,J-Gamboa,N/Merida 1992}) 12... e6 13. b4 Nd7 14. Bd2 b5 15. Na5 Bd5
16. f3 Be7 17. Be2 O-O 18. Kf2 Rfc8 19. Ra3 Nb6 20. Rha1 Bd8 21. Be3 Na4 22.
Rb1 Bxa5 23. bxa5 Nc5 24. Rd1 Nb3 25. Rxd5 exd5 26. Rxb3 Re8 27. Bd4 Re7 28. f4
Rae8 29. Bf3 Re1 30. Ra3 Rb1 31. Ra2 Rd8 32. b4 f6 33. Re2 Kf7 34. f5 g6 35.
Re6 Rb2+ 36. Kg3 h5 37. Rxf6+ Ke7 38. fxg6 {1-0 Godena,M-Tatai,S/Reggio Emilia
(09) ;CBM 45 1994}) 9. dxc5 (9. Na3 a6 10. Nc4 $16) 9... Bxc5 10. b4 (10. Nbd2
a6 11. b4 Ba7 12. Ne5 O-O 13. Bd3 Be8 14. Ne4 Nbd7 15. Nxd7 Bxd7 16. Nxf6+ gxf6
17. Be4 Rab8 18. Bf4 e5 19. Be3 Bxe3 20. fxe3 f5 21. Bc2 Be6 22. Rf1 e4 23. Rd1
Rfd8 24. Rxd8+ Rxd8 25. h3 Kg7 26. Rf4 Kg6 27. g4 Re8 28. Kf2 Rd8 29. gxf5+
Bxf5 30. Bxe4 Bxe4 31. Rxe4 Rd2+ 32. Kf3 Rxb2 33. Re7 b5 34. Rc7 f6 {
Tzermiadianos,A-Sjodahl,P/EU-chJ U20 Arnhem ;TD 89\08 1989/0-1 (62)}) 10... Bb6
11. Nbd2 {/\ Nc4+/= Sveshnikov,E}) (7... e6 8. Bc4 Qc6 9. Be3 (9. O-O Qc7 10.
Be3 Nc6 11. dxc5 Na5 12. Qb4 b6 $10) 9... cxd4 10. cxd4 Qc7 11. Nc3 Nc6 12. Be2
Be7 13. O-O O-O 14. Rac1 Rfd8 15. Ne5 Be8 16. Rfd1 Rac8 17. f4 Qb8 18. Bf3 (18.
a3 $5 {/\} Na5 19. Qa2 $14 {Daniliuk,S}) 18... Na5 19. Qc2 Nd5 20. Qe2 Nxe3 21.
Qxe3 Qd6 22. Kh1 Qb6 23. b3 Ba3 24. Rb1 Bb4 25. Na4 Qc7 26. Nc5 Nc6 27. Rbc1
Ba3 28. Rc4 b5 29. Nxc6 bxc4 30. Nxd8 Rxd8 31. bxc4 Bxc5 32. dxc5 Rxd1+ 33.
Bxd1 {Daniliuk,S-Petrosian,A/St.Petersburg op ;TD 93\09 1993/1-0 (59)}) 8. Bc4
(8. Nxd4 $6 Nc6 $32 9. Be3 (9. Bc4 $2 Qxg2 10. Bxf7+ Kd8 11. Rf1 Nxd4 12. cxd4
e6 $19 13. d5 Qxd5 14. Qxd5 Nxd5 15. Bh5 Rc8 16. Bg5+ Be7 17. Bxe7+ Kxe7 18.
Na3 Rhf8 19. Rg1 g6 20. Be2 Rf4 21. Rg4 Rcf8 22. Rxf4 Rxf4 23. Kf1 Bc6 24. Kg1
Rd4 25. Bf3 b5 26. Rc1 Kd6 27. Nb1 b4 28. Rc2 Ba4 29. Rd2 Rc4 30. b3 Rc1+ 31.
Kg2 Bc6 32. Rb2 g5 33. Bxd5 Bxd5+ 34. f3 g4 35. Nd2 gxf3+ 36. Nxf3 Rc3 {
0-1 Schmitt,An-Sokolov,A/FRA-chT ;TD 94\03 1994}) 9... Na5 10. Qc2 Ng4 11. Nd2
Nxe3 12. fxe3 g6 {Sein Läuferpaar und die bessere Bauernstruktur geben dem
Schwarzen Vorteil.} 13. e4 Qg5 14. O-O-O Bg7 15. Kb1 O-O 16. N2f3 Qf4 17. h4
Rad8 18. h5 e5 19. Rh4 Bg4 20. hxg6 exd4 21. gxf7+ Rxf7 22. e5 Bf5 23. Bd3 Bxd3
24. Rxd3 Qf5 25. Rhxd4 Rdf8 26. Rd6 Nc4 27. R6d5 Nxe5 28. a3 Re7 29. Ka2 Qf7
30. Ng5 Qg6 31. Qb3 Nxd3 32. Rd6+ Kh8 33. Rxg6 Nc1+ {0-1 Smagin,S-Atalik,S/
Heraklio op (04) ;TD 93\09 1993}) 8... Qe4+ 9. Kf1 e6 10. Nxd4 (10. cxd4 {
Vielleicht genauer als der Textzug.Probleme jedoch,hat Schwarz auch hier keine.
} Bc6 $5 (10... Nc6 11. Nc3 Qf5 12. Qxb7 Rb8 13. Qc7 $8 Rc8 $6 (13... Be7 $1
$44 {Kharlov,A}) 14. Qf4 Qxf4 $6 (14... Qa5 $1 $13) 15. Bxf4 Nxd4 16. Ne5 $1
Nh5 $2 (16... Bd6 $1 17. Rd1 $1 (17. Nxd7 Kxd7 $1 (17... Bxf4 18. Nxf6+ gxf6
19. Ba6 $14) 18. Bxd6 Kxd6 19. Ba6 Rc6 $10) 17... Bxe5 18. Bxe5 Rxc4 19. Bxd4
a6 20. Ke2 $14) 17. Rd1 $1 $16 {~/= Kharlov,A-Hoffmann,M/Porz 58/(181) 1993}) (
10... Qc6 11. Nc3 $14) 11. Nc3 Qg6 12. Nb5 Na6 13. Bf4 Qf5 14. Nd6+ Bxd6 15.
Bxd6 Ne4 16. Bxa6 Nxd6 17. Bd3 Qa5 18. Qc3 Qd5 19. Qc5 O-O $15 20. Ke2 Rfd8 21.
Rhd1 Ne4 22. Qxd5 Bxd5 23. Bxe4 Bxe4 24. Ne1 Rac8 25. Rac1 Kf8 26. f3 Bd5 27.
b3 Ke7 28. Nd3 Bc6 29. Ke3 a5 30. Ne5 Be8 31. Nc4 a4 32. bxa4 Bxa4 33. Nb6 Rxc1
34. Rxc1 Bc6 {Sveshnikov,E-Markowski,T/Oviedo 25' (09) ;EXP 38 1993/0-1 (49)})
10... Nc6 11. Nd2 Qg6 $1 {Eine wichtige Neuerung!} (11... Nxd4 12. Nxe4 Nxb3
13. Nxf6+ gxf6 14. axb3 Bc5 15. b4 Bb6 16. Be3 Bxe3 17. fxe3 Rg8 18. g3 Bc6 19.
Rg1 Rg5 20. Ra5 a6 21. Ke2 Ke7 {1/2-1/2 Kharlov,A-Tukmakov,V/Biel op (04) ;EXP
31 1992}) 12. Qxb7 {Was sonst?} (12. N2f3 $4 Na5) (12. Nxc6 Bxc6 13. Nf3 Bc5
14. Bb5 O-O-O 15. Bxc6 Qd3+) 12... Rb8 13. Qc7 (13. Qa6 {Danach hat Schwarz
mindestens Remis.} Rb6 14. Qa4 Nxd4 (14... Be7 15. Qc2) (14... Bc5 15. N4b3 Bd6
(15... Bxf2 $5 16. Kxf2 Ng4+)) 15. Qxa7 Qh5 16. f3 Nc2 17. Qxb6 Nxa1 18. Qb8+
Ke7 19. Qb4+ Kd8 20. Qb6+ $10) 13... Rc8 14. Qg3 (14. Qb7 $2 Na5) 14... Nxd4
15. Qxg6 hxg6 16. cxd4 Bb4 17. b3 (17. Bb3 $2 Rxc1+ 18. Rxc1 Bxd2) 17... Bc3
18. Rb1 Bxd4 {Der Kampfesstaub hat sich verzogen,und Schwarz sitzt obenauf.}
19. Nf3 (19. Bb2 Bxb2 (19... Bb6) 20. Rxb2 Bc6 21. f3 Nd5 22. Kf2 Ke7 $15)
19... Bb6 20. Bb2 Ne4 $17 21. Ke2 Nxf2 22. Rhc1 (22. Rhf1 Ng4 23. Bxg7 Rh5 $17
(23... Rh7 24. Ne5)) 22... Ng4 (22... f6 23. Bd4 (23. Nd4 Rh4) 23... Ne4) 23.
Bxg7 Rh5 24. h3 (24. h4 f6 25. Bd3 Kf7 26. Rxc8 Bxc8 27. Rc1 Bb7) 24... Ne3 25.
g4 (25. Ne1 Ke7 (25... Bc6 26. Rc3) 26. Bd3 f6 (26... e5) 27. Rxc8 Bxc8 28. Rc1
(28. Bxg6 Ba6+) 28... Bb7 29. Bxg6 Rg5 30. Bh6 Rxg6 31. Bxe3 Bxg2 32. Bxb6 axb6
) 25... Rxh3 26. Rh1 Rxh1 27. Rxh1 Nxg4 28. Rh4 e5 29. Ng5 Ke7 30. Rh7 Bf5 31.
Bh8 Rf8 32. Bxf7 Nf6 33. Rg7 Nh5 34. Rh7 Nf4+ 35. Kf3 Rxh8 36. Rxh8 Kf6 37.
Bxg6 Nxg6 38. Rh5 Nf4 39. Nh7+ Bxh7 40. Rxh7 Ne6 41. Rh5 Ng5+ 42. Kg4 Nf7 43.
a4 a5 44. Kf3 Ke6 45. Ke4 Nd6+ 46. Kd3 Kd5 47. Rg5 Bc5 48. Rh5 Bb4 49. Rg5 Nb7
0-1